[Event "Arco op 44th"]
[Site "Arco"]
[Date "2022.10.09"]
[Round "2"]
[White "Hoebarth, Guenter"]
[Black "Hirzel, Rene"]
[Result "1/2-1/2"]
[WhiteElo "1868"]
[BlackElo "2119"]
[PlyCount "56"]
[EventDate "2022.10.08"]
[EventType "swiss"]
[EventRounds "9"]
[EventCountry "ITA"]
[SourceTitle "CBM 210 Extra"]
[Source "ChessBase"]
[SourceDate "2022.11.30"]
[SourceVersion "1"]
[SourceVersionDate "2022.11.30"]
[SourceQuality "1"]

1. d3 g6 2. g3 Bg7 3. Bg2 d6 4. e4 Nf6 5. Ne2 0-0 6. c3 Nbd7 7. 0-0 c6 8. Nd2 Qc7 9. Qc2 e5 10. Nc4 d5 11. Ne3 dxe4 12. dxe4 Nc5 13. b4 Ne6 14. Bb2 Rd8 15. Rad1 Rxd1 16. Rxd1 Ng5 17. h4 Nh3+ 18. Kf1 Ng4 19. Nxg4 Bxg4 20. Bc1 Rf8 21. Be3 f5 22. Qb3+ Kh8 23. Qe6 h5 24. Rd7 Rd8 25. Qe8+ Rxe8 26. Rxc7 Rd8 27. Ke1 f4 28. Bxh3 Bxh3 1/2-1/2

[Event "SUI-ch 103rd"]
[Site "Silvaplana"]
[Date "2003.07.11"]
[Round "2"]
[White "Horvath, Tamas"]
[Black "Hirzel, Rene"]
[Result "1-0"]
[WhiteElo "2435"]
[BlackElo "2182"]
[PlyCount "91"]
[EventDate "2003.07.10"]
[EventType "swiss"]
[EventRounds "9"]
[EventCountry "SUI"]
[SourceTitle "CBM 095 Extra"]
[Source "ChessBase"]
[SourceDate "2003.09.04"]
[SourceVersion "1"]
[SourceVersionDate "2003.09.04"]
[SourceQuality "1"]

1. e4 g6 2. f4 d6 3. Nf3 Bg7 4. d4 Nh6 5. Bd3 f5 6. c3 fxe4 7. Bxe4 d5 8. Bd3 0-0 9. 0-0 Qd6 10. Kh1 c5 11. dxc5 Qxc5 12. Qe2 Nc6 13. Be3 Qd6 14. Na3 Nf5 15. Nb5 Qb8 16. Bxf5 Bxf5 17. Rad1 a6 18. Nbd4 Nxd4 19. Bxd4 Bxd4 20. Rxd4 Be4 21. Ne5 Qc7 22. Rdd1 Rac8 23. Qg4 Bf5 24. Qg3 Rcd8 25. h3 Rd6 26. Kh2 Be4 27. Qe3 Rdf6 28. g3 Qb6 29. Qe2 Rd6 30. Rd4 Qc7 31. Rd2 b5 32. Qe3 e6 33. Re1 Rc8 34. Qd4 Rcd8 35. Ng4 h5 36. Nf6+ Kf7 37. Qe5 Bf5 38. Nh7 Kg8 39. Nf6+ Kf7 40. Nh7 Kg8 41. Ng5 Qg7 42. Rd4 Qxe5 43. fxe5 Rc6 44. g4 hxg4 45. hxg4 Bc2 46. Rd2 1-0

[Event "Liechtenstein op 17th"]
[Site "Schaan"]
[Date "1999.??.??"]
[Round "1"]
[White "Avram, Johann"]
[Black "Hirzel, Rene"]
[Result "0-1"]
[WhiteElo "1715"]
[BlackElo "2170"]
[PlyCount "70"]
[EventDate "1999.05.??"]
[EventType "swiss"]
[EventRounds "9"]
[EventCountry "LIE"]
[SourceTitle "EXT 2000"]
[Source "ChessBase"]
[SourceDate "1999.11.16"]
[SourceVersion "1"]
[SourceVersionDate "1999.11.16"]
[SourceQuality "1"]

1. e4 g6 2. d4 Bg7 3. c4 d6 4. Nc3 Nc6 5. d5 Nd4 6. Be3 c5 7. dxc6 Nxc6 8. Nf3 Nf6 9. Be2 0-0 10. h3 b6 11. 0-0 Bb7 12. a3 Na5 13. Qc2 Rc8 14. b3 Qc7 15. Rad1 Rfd8 16. Nd2 d5 17. Nb5 Qb8 18. e5 Qxe5 19. Nxa7 d4 20. Nxc8 Rxc8 21. Nf3 Bxf3 22. Bxf3 dxe3 23. Rfe1 exf2+ 24. Kxf2 Qc5+ 25. Kf1 Qxa3 26. Rd3 e6 27. Red1 Bf8 28. Qf2 Qc5 29. Qe2 Be7 30. Qd2 Nc6 31. Bxc6 Qxc6 32. Qf4 Ne4 33. Rd7 g5 34. Qf3 Kf8 35. Qh5 Ng3+ 0-1

[Event "SUI-ch"]
[Site "Graechen"]
[Date "1999.??.??"]
[Round "8"]
[White "Hirzel, Rene"]
[Black "Ecabert, Yves"]
[Result "1-0"]
[WhiteElo "2125"]
[BlackElo "1930"]
[PlyCount "43"]
[EventDate "1999.07.??"]
[EventType "swiss"]
[EventRounds "9"]
[EventCountry "SUI"]
[SourceTitle "EXT 2002"]
[Source "ChessBase"]
[SourceDate "2001.11.25"]
[SourceVersion "1"]
[SourceVersionDate "2001.11.25"]
[SourceQuality "1"]

1. c4 Nf6 2. Nc3 e6 3. e4 d6 4. d4 Be7 5. Nf3 Nbd7 6. Be2 0-0 7. 0-0 e5 8. b3 c6 9. Bb2 Qc7 10. Qd2 Re8 11. Rad1 a5 12. Rfe1 Bf8 13. Bd3 h6 14. Bb1 g6 15. Ne2 Kh7 16. Nh4 Nh5 17. f4 f6 18. Rf1 Be7 19. Bc1 Bf8 20. g4 Nxf4 21. Nxf4 exf4 22. Qxf4 1-0

[Event "Liechtenstein op 17th"]
[Site "Schaan"]
[Date "1999.??.??"]
[Round "6"]
[White "Hirzel, Rene"]
[Black "Pribyl, Martin"]
[Result "1/2-1/2"]
[WhiteElo "2170"]
[BlackElo "2350"]
[PlyCount "109"]
[EventDate "1999.05.??"]
[EventType "swiss"]
[EventRounds "9"]
[EventCountry "LIE"]
[SourceTitle "EXT 2000"]
[Source "ChessBase"]
[SourceDate "1999.11.16"]
[SourceVersion "1"]
[SourceVersionDate "1999.11.16"]
[SourceQuality "1"]

1. d4 Nf6 2. c4 g6 3. Nc3 d5 4. cxd5 Nxd5 5. e4 Nxc3 6. bxc3 Bg7 7. Bc4 c5 8. Ne2 Nc6 9. Be3 0-0 10. 0-0 Qc7 11. Rc1 Rd8 12. Qd2 Qa5 13. Rfd1 Bd7 14. Bh6 cxd4 15. Bxg7 Kxg7 16. cxd4 Qxd2 17. Rxd2 Rac8 18. Bb5 a6 19. Bxc6 Rxc6 20. Rxc6 Bxc6 21. d5 e6 22. Nc3 exd5 23. exd5 Bd7 24. f4 Rc8 25. Ne4 b5 26. Kf2 Kf8 27. Ke3 Ke7 28. Kd4 Bf5 29. Nc5 Kd6 30. Nb7+ Kc7 31. Na5 Kb6 32. Nc6 Re8 33. g4 Bxg4 34. Ne5 Bf5 35. Nxf7 Re4+ 36. Kc3 Rxf4 37. d6 Rc4+ 38. Kb2 Re4 39. d7 Bxd7 40. Rxd7 Re2+ 41. Kb3 Rxh2 42. Ne5 a5 43. a4 Rh3+ 44. Nd3 bxa4+ 45. Kxa4 Rh4+ 46. Kb3 g5 47. Rd6+ Kc7 48. Rd5 a4+ 49. Ka3 g4 50. Rd4 h5 51. Nf4 Rh1 52. Nxh5 Rxh5 53. Rxg4 Ra5 54. Rxa4 Rxa4+ 55. Kxa4 1/2-1/2

[Event "Baden Casino op 3rd"]
[Site "Baden"]
[Date "1998.??.??"]
[Round "3"]
[White "Jurek, Josef"]
[Black "Hirzel, Rene"]
[Result "1/2-1/2"]
[WhiteElo "2395"]
[BlackElo "2160"]
[PlyCount "42"]
[EventDate "1998.04.10"]
[EventType "swiss"]
[EventRounds "9"]
[EventCountry "SUI"]
[SourceTitle "CBM 064 Extra"]
[Source "ChessBase"]
[SourceDate "1998.07.07"]
[SourceVersion "1"]
[SourceVersionDate "1998.07.07"]
[SourceQuality "1"]

1. Nf3 g6 2. d4 Bg7 3. g3 d6 4. c4 Bg4 5. Bg2 Nc6 6. d5 Bxf3 7. exf3 Nd4 8. Nc3 c5 9. dxc6 Nxc6 10. 0-0 Nh6 11. g4 0-0 12. f4 f5 13. g5 Nf7 14. Be3 e5 15. Nd5 Re8 16. h4 Rc8 17. Rc1 Qa5 18. b4 Qxa2 19. b5 Nd4 20. Re1 Kf8 21. Nc3 Qa5 1/2-1/2

[Event "SUI-chT"]
[Site "Switzerland"]
[Date "1997.??.??"]
[Round "?"]
[White "Gilles, Raphael"]
[Black "Hirzel, Rene"]
[Result "1-0"]
[WhiteElo "2270"]
[BlackElo "2190"]
[PlyCount "113"]
[EventDate "1997.??.??"]
[EventType "team-tourn"]
[EventRounds "9"]
[EventCountry "SUI"]
[SourceTitle "EXT 1999"]
[Source "ChessBase"]
[SourceDate "1998.11.16"]
[SourceVersion "1"]
[SourceVersionDate "1998.11.16"]
[SourceQuality "1"]

1. d4 Nf6 2. Bg5 e6 3. Nd2 d5 4. e3 Bd6 5. f4 Nbd7 6. Ngf3 c5 7. c3 cxd4 8. cxd4 Qb6 9. Bd3 h6 10. Bh4 Qxb2 11. 0-0 Qa3 12. Qe2 0-0 13. e4 dxe4 14. Nxe4 Nd5 15. Ne5 Be7 16. Be1 Qa4 17. Bb5 Qxd4+ 18. Bf2 Nxf4 19. Bxd4 Nxe2+ 20. Bxe2 Nxe5 21. Bxe5 Bd7 22. Bd6 Bxd6 23. Nxd6 Bc6 24. Bh5 g6 25. Bf3 Bxf3 26. Rxf3 Rad8 27. Nxb7 Rd2 28. Raf1 f5 29. R3f2 Rd5 30. Rc2 Rb8 31. Rc7 Rd2 32. a4 e5 33. a5 a6 34. Rfc1 Rb2 35. Rc8+ Rxc8 36. Rxc8+ Kg7 37. Rc7+ Kg8 38. Nd6 Ra2 39. Nc4 e4 40. g3 g5 41. Rc6 Ra4 42. Rc5 f4 43. gxf4 gxf4 44. Kg2 Ra2+ 45. Kh3 e3 46. Kg4 Rxh2 47. Ne5 Ra2 48. Kxf4 e2 49. Nf3 Kf7 50. Ke3 Ke7 51. Kf2 Kd7 52. Rh5 Kc7 53. Nd4 Kb7 54. Nxe2 Rb2 55. Ke3 Rb5 56. Rxb5+ axb5 57. Nd4 1-0

[Event "SUI-chT"]
[Site "Switzerland"]
[Date "1997.??.??"]
[Round "?"]
[White "Hirzel, Rene"]
[Black "Milosevic, Goran"]
[Result "0-1"]
[WhiteElo "2190"]
[BlackElo "2370"]
[PlyCount "76"]
[EventDate "1997.??.??"]
[EventType "team-tourn"]
[EventRounds "9"]
[EventCountry "SUI"]
[SourceTitle "EXT 1999"]
[Source "ChessBase"]
[SourceDate "1998.11.16"]
[SourceVersion "1"]
[SourceVersionDate "1998.11.16"]
[SourceQuality "1"]

1. c4 c5 2. Nf3 Nf6 3. g3 b6 4. Bg2 Bb7 5. 0-0 e6 6. Nc3 Be7 7. d4 cxd4 8. Qxd4 d6 9. b3 0-0 10. Ba3 Na6 11. Rfd1 Nc5 12. Rac1 a6 13. Ne1 Bxg2 14. Nxg2 Qc7 15. b4 Nb7 16. Bb2 Rfd8 17. Na4 Qc6 18. Qxb6 Qxa4 19. Qxb7 Qxa2 20. Bxf6 Bxf6 21. Rxd6 Qxe2 22. Ne3 Rxd6 23. Qxa8+ Rd8 24. Qxa6 h5 25. h4 Qb2 26. Rc2 Qxb4 27. c5 Bd4 28. Qd3 Rc8 29. c6 Qb1+ 30. Kg2 Bxe3 31. fxe3 Rxc6 32. Qd8+ Kh7 33. Rxc6 Qe4+ 34. Kh2 Qxc6 35. Qg5 Qf3 36. Qe5 Qf2+ 37. Kh1 Qf5 38. Qd4 Qh3+ 0-1

[Event "Winterthur-B"]
[Site "Winterthur"]
[Date "1996.??.??"]
[Round "2"]
[White "Atlas, Valeri"]
[Black "Hirzel, Rene"]
[Result "1-0"]
[WhiteElo "2470"]
[BlackElo "2175"]
[PlyCount "123"]
[EventDate "1996.09.??"]
[EventType "tourn"]
[EventRounds "11"]
[EventCountry "SUI"]
[EventCategory "4"]
[SourceTitle "CBM 054 Extra"]
[Source "ChessBase"]
[SourceDate "1996.11.01"]
[SourceVersion "1"]
[SourceVersionDate "1996.11.01"]
[SourceQuality "1"]

1. e4 c5 2. Nf3 e6 3. Nc3 Nc6 4. g3 d5 5. Bg2 Nf6 6. exd5 exd5 7. d4 Bg4 8. dxc5 Qe7+ 9. Ne2 Qxc5 10. 0-0 Be7 11. Be3 Qa5 12. Qe1 0-0 13. Ned4 Qxe1 14. Rfxe1 Bd6 15. Nb5 Bxf3 16. Bxf3 Be5 17. Bc5 Rfe8 18. c3 a6 19. Nd6 Bxd6 20. Bxd6 Ne4 21. Bf4 Rad8 22. Rad1 f5 23. Bg2 Kf8 24. f3 Nf6 25. Rxe8+ Kxe8 26. Be3 Kf7 27. Kf2 Rd7 28. Bf1 Ne7 29. Bd3 Rc7 30. Bc2 g6 31. Bb3 Rd7 32. Bg5 Kg7 33. h4 h6 34. Be3 Nc6 35. Rd2 Kh7 36. Bc5 Kg7 37. Re2 Kf7 38. a4 Na5 39. Ba2 b5 40. axb5 axb5 41. Be3 h5 42. Bd4 Ne8 43. Bb1 Nb3 44. Be5 Na5 45. Bd3 Rb7 46. Ke3 Nf6 47. b4 Nc6 48. Kf4 d4 49. Bxd4 Nd5+ 50. Kg5 Nd8 51. g4 Ne6+ 52. Rxe6 Kxe6 53. gxf5+ gxf5 54. Bxf5+ Kf7 55. Bg6+ Kg8 56. Be4 Rd7 57. Bf5 Rd8 58. Kxh5 Ne7 59. Be6+ Kh7 60. f4 Rd6 61. f5 Nd5 62. Kg5 1-0

[Event "Winterthur-B"]
[Site "Winterthur"]
[Date "1996.??.??"]
[Round "10"]
[White "Hirzel, Rene"]
[Black "Hochstrasser, Michael"]
[Result "1/2-1/2"]
[WhiteElo "2175"]
[BlackElo "2295"]
[PlyCount "55"]
[EventDate "1996.09.??"]
[EventType "tourn"]
[EventRounds "11"]
[EventCountry "SUI"]
[EventCategory "4"]
[SourceTitle "CBM 054 Extra"]
[Source "ChessBase"]
[SourceDate "1996.11.01"]
[SourceVersion "1"]
[SourceVersionDate "1996.11.01"]
[SourceQuality "1"]

1. d4 g6 2. g3 Bg7 3. Bg2 d6 4. Nf3 Nd7 5. 0-0 e5 6. e4 Ne7 7. Be3 0-0 8. Nc3 exd4 9. Bxd4 Nc6 10. Bxg7 Kxg7 11. Qd2 Nde5 12. Nxe5 dxe5 13. Qxd8 Nxd8 14. Nb5 Bd7 15. Na3 Be6 16. Rfd1 Nc6 17. c3 Rfd8 18. b3 a6 19. Nc2 a5 20. Ne3 Rxd1+ 21. Rxd1 a4 22. Nd5 axb3 23. axb3 Ra3 24. b4 Nd8 25. Ne3 Nc6 26. Nd5 Nd8 27. Ne3 Nc6 28. Nd5 1/2-1/2

[Event "Winterthur-B"]
[Site "Winterthur"]
[Date "1996.??.??"]
[Round "1"]
[White "Hirzel, Rene"]
[Black "Maric, Alisa"]
[Result "0-1"]
[WhiteElo "2175"]
[BlackElo "2460"]
[PlyCount "72"]
[EventDate "1996.09.??"]
[EventType "tourn"]
[EventRounds "11"]
[EventCountry "SUI"]
[EventCategory "4"]
[SourceTitle "CBM 054 Extra"]
[Source "ChessBase"]
[SourceDate "1996.11.01"]
[SourceVersion "1"]
[SourceVersionDate "1996.11.01"]
[SourceQuality "1"]

1. c4 e6 2. g3 d5 3. Nf3 dxc4 4. Bg2 a6 5. Qc2 b5 6. a4 Bb7 7. b3 cxb3 8. Qxb3 b4 9. d4 Nf6 10. Nbd2 c5 11. dxc5 Bxc5 12. Bb2 Nbd7 13. 0-0 0-0 14. Ne1 Bxg2 15. Kxg2 Be7 16. Bd4 e5 17. Be3 Rc8 18. Nc4 Qc7 19. Rc1 Nd5 20. Nf3 Nc3 21. Nb2 Qb7 22. Rfe1 a5 23. Kg1 Rc7 24. Kg2 Rfc8 25. Rc2 Bc5 26. Bd2 e4 27. Ng5 e3+ 28. f3 exd2 29. Qxf7+ Kh8 30. Rxd2 Nf6 31. Qe6 Re8 32. Qf5 Be3 33. Rd6 Bxg5 34. Qxg5 Nce4 35. fxe4 Nxe4 36. Qd5 Nxd6 0-1

[Event "Winterthur-B"]
[Site "Winterthur"]
[Date "1996.??.??"]
[Round "6"]
[White "Hirzel, Rene"]
[Black "Rasik, Vitezslav"]
[Result "0-1"]
[WhiteElo "2175"]
[BlackElo "2440"]
[PlyCount "82"]
[EventDate "1996.09.??"]
[EventType "tourn"]
[EventRounds "11"]
[EventCountry "SUI"]
[EventCategory "4"]
[SourceTitle "CBM 054 Extra"]
[Source "ChessBase"]
[SourceDate "1996.11.01"]
[SourceVersion "1"]
[SourceVersionDate "1996.11.01"]
[SourceQuality "1"]

1. c4 g6 2. g3 Bg7 3. Bg2 d6 4. Nf3 Nf6 5. 0-0 0-0 6. Nc3 e5 7. d3 Re8 8. Rb1 h6 9. Qc2 c6 10. b4 d5 11. Nd2 a6 12. a4 Be6 13. a5 Nbd7 14. Na4 Rc8 15. Nb3 Rc7 16. Bd2 h5 17. Rbc1 h4 18. Bg5 h3 19. Bf3 d4 20. Nbc5 Bf5 21. Be4 Bxe4 22. Nxe4 Qe7 23. Nac5 Nxc5 24. bxc5 Qe6 25. Nd6 Rb8 26. Qd2 Nd7 27. Qb4 Bf8 28. e4 Qg4 29. f4 f6 30. Bxf6 Nxf6 31. fxe5 Nd7 32. Qd2 Nxe5 33. Kh1 Bxd6 34. cxd6 Rf7 35. Rxf7 Nxf7 36. Rf1 Nxd6 37. Qf2 Qe6 38. Qf4 Qf7 39. Qc1 Qe6 40. c5 Nf7 41. Qf4 Rf8 0-1

[Event "Winterthur-B"]
[Site "Winterthur"]
[Date "1996.??.??"]
[Round "5"]
[White "Stefanova, Antoaneta"]
[Black "Hirzel, Rene"]
[Result "1-0"]
[WhiteElo "2365"]
[BlackElo "2175"]
[PlyCount "45"]
[EventDate "1996.09.??"]
[EventType "tourn"]
[EventRounds "11"]
[EventCountry "SUI"]
[EventCategory "4"]
[SourceTitle "CBM 054 Extra"]
[Source "ChessBase"]
[SourceDate "1996.11.01"]
[SourceVersion "1"]
[SourceVersionDate "1996.11.01"]
[SourceQuality "1"]

1. d4 g6 2. c4 Bg7 3. e4 d6 4. Nc3 Nc6 5. d5 Nd4 6. Nge2 c5 7. Nxd4 Bxd4 8. Bd3 Bg7 9. 0-0 Nf6 10. f4 0-0 11. Qe2 Qc7 12. Bd2 a6 13. Rae1 Bg4 14. Qf2 Bd7 15. Qh4 b5 16. e5 b4 17. Nd1 dxe5 18. fxe5 Ng4 19. e6 Ne5 20. exf7+ Kh8 21. Bf4 Rxf7 22. Bxe5 Rxf1+ 23. Kxf1 1-0

[Event "SUI-chT"]
[Site "Switzerland"]
[Date "1995.??.??"]
[Round "9"]
[White "Gallagher, Joseph G"]
[Black "Hirzel, Rene"]
[Result "1-0"]
[WhiteElo "2515"]
[BlackElo "2210"]
[PlyCount "93"]
[EventDate "1995.??.??"]
[EventType "team-tourn"]
[EventRounds "9"]
[EventCountry "SUI"]
[SourceTitle "CBM 049 Extra"]
[Source "ChessBase"]
[SourceDate "1996.01.01"]
[SourceVersion "1"]
[SourceVersionDate "1996.01.01"]
[SourceQuality "1"]

1. e4 c5 2. Nf3 e6 3. d4 cxd4 4. Nxd4 a6 5. Bd3 Bc5 6. Nb3 Ba7 7. Nc3 Nc6 8. Qe2 d6 9. Be3 Nf6 10. Bxa7 Rxa7 11. f4 b5 12. 0-0-0 0-0 13. e5 Nd5 14. Qe4 f5 15. exf6 Nxf6 16. Qxc6 Bb7 17. Qxd6 Qxd6 18. Bxh7+ Kxh7 19. Rxd6 b4 20. Ne2 Bxg2 21. Rg1 Bd5 22. Nc5 Rc8 23. Nxe6 Bxa2 24. Ng5+ Kh8 25. Nd4 Bd5 26. Nde6 Bxe6 27. Nxe6 b3 28. c3 a5 29. Rgd1 a4 30. Ng5 Re8 31. Rd8 Rae7 32. Rxe8+ Rxe8 33. Rd4 Ra8 34. Ne6 Ra5 35. c4 Kg8 36. c5 Kf7 37. f5 Ne8 38. Kd2 g6 39. Nd8+ Kf6 40. Nb7 Rb5 41. Nd6 Nxd6 42. cxd6 a3 43. d7 Rb8 44. bxa3 b2 45. Rb4 Rd8 46. fxg6 Rxd7+ 47. Kc3 1-0

[Event "SUI-chT"]
[Site "Switzerland"]
[Date "1995.??.??"]
[Round "3"]
[White "Hirzel, Rene"]
[Black "Partos, Charles"]
[Result "0-1"]
[WhiteElo "2210"]
[BlackElo "2395"]
[PlyCount "78"]
[EventDate "1995.??.??"]
[EventType "team-tourn"]
[EventRounds "9"]
[EventCountry "SUI"]
[SourceTitle "CBM 049 Extra"]
[Source "ChessBase"]
[SourceDate "1996.01.01"]
[SourceVersion "1"]
[SourceVersionDate "1996.01.01"]
[SourceQuality "1"]

1. c4 c5 2. Nc3 Nc6 3. g3 g6 4. Bg2 Bg7 5. Rb1 e5 6. d3 Nge7 7. Nf3 d6 8. 0-0 0-0 9. Ne1 Be6 10. Nc2 d5 11. cxd5 Nxd5 12. Ne3 Nde7 13. Ne4 b6 14. Nc4 Rb8 15. b3 h6 16. a4 f5 17. Ned2 a6 18. Nf3 Qc7 19. Bb2 Rfd8 20. Qc1 Bf7 21. Nfd2 b5 22. axb5 axb5 23. Na3 Qb6 24. Nc2 Rbc8 25. Qd1 Rd7 26. Ne1 Nb4 27. Ba1 Rcd8 28. Qc1 Nec6 29. Ndf3 Ra7 30. Nc2 Na2 31. Qe3 Nd4 32. Ncxd4 cxd4 33. Qd2 Nc3 34. Bxc3 dxc3 35. Qxc3 e4 36. Ne5 Rc7 37. Qb2 Re7 38. d4 Rxd4 39. Qa3 Rxe5 0-1

[Event "SUI-chT"]
[Site "Switzerland"]
[Date "1994.??.??"]
[Round "8"]
[White "Hirzel, Rene"]
[Black "Domont, Alexandre"]
[Result "0-1"]
[WhiteElo "2185"]
[BlackElo "2305"]
[PlyCount "148"]
[EventDate "1994.??.??"]
[EventType "team-tourn"]
[EventRounds "9"]
[EventCountry "SUI"]
[SourceTitle "EXT 2000"]
[Source "ChessBase"]
[SourceDate "1999.11.16"]
[SourceVersion "1"]
[SourceVersionDate "1999.11.16"]
[SourceQuality "1"]

1. c4 c6 2. Nf3 d5 3. g3 dxc4 4. Qc2 b5 5. a4 Bb7 6. b3 cxb3 7. Qxb3 e6 8. axb5 cxb5 9. Qxb5+ Bc6 10. Qc4 Nf6 11. Nc3 Be7 12. Bg2 0-0 13. 0-0 a6 14. d3 Nd5 15. Ne4 Bb5 16. Qb3 Nc6 17. Ba3 Rb8 18. Bxe7 Qxe7 19. Rfc1 h6 20. Nc3 Nxc3 21. Qxc3 e5 22. Rab1 Qe6 23. Qb3 Qd6 24. Qa2 Rfe8 25. Nd2 Nd4 26. Ne4 Qe7 27. Nc3 Kh8 28. e3 Ne6 29. Nxb5 axb5 30. Qd5 f6 31. Rxb5 Nc7 32. Rxb8 Nxd5 33. Rxe8+ Qxe8 34. Bxd5 Qd7 35. Bc4 g5 36. Ra1 Kg7 37. Ra6 h5 38. Ra8 Kh7 39. Rf8 Qd6 40. Rf7+ Kg6 41. Ra7 Qb6 42. Ra6 Qb1+ 43. Kg2 Qb7+ 44. e4 g4 45. h4 gxh3+ 46. Kxh3 Qc8+ 47. Re6 Kg5 48. Kg2 Qd8 49. Bd5 h4 50. Ra6 hxg3 51. Ra8 Qd6 52. Rg8+ Kh6 53. Rxg3 f5 54. Rh3+ Kg7 55. Rg3+ Kf8 56. Rg8+ Ke7 57. Rg7+ Kd8 58. Rg5 f4 59. Kf3 Kc7 60. Ke2 Kb6 61. Rg1 Qb4 62. Rg6+ Kb5 63. Bc4+ Kc5 64. Re6 Kd4 65. Ra6 Qb2+ 66. Kf3 Qb1 67. Kg2 Qd1 68. Ra8 Qg4+ 69. Kh2 Kc3 70. Rg8 Qh5+ 71. Kg1 Kd2 72. Rg7 Qd1+ 73. Kh2 Qh5+ 74. Kg1 Ke1 0-1

[Event "SUI-chT"]
[Site "Switzerland"]
[Date "1994.??.??"]
[Round "1"]
[White "Hirzel, Rene"]
[Black "Neuenschwander, Beat"]
[Result "1/2-1/2"]
[WhiteElo "2185"]
[BlackElo "2275"]
[PlyCount "94"]
[EventDate "1994.??.??"]
[EventType "team-tourn"]
[EventRounds "9"]
[EventCountry "SUI"]
[SourceTitle "EXT 2000"]
[Source "ChessBase"]
[SourceDate "1999.11.16"]
[SourceVersion "1"]
[SourceVersionDate "1999.11.16"]
[SourceQuality "1"]

1. c4 c6 2. Nf3 Nf6 3. g3 d5 4. Bg2 Bg4 5. Ne5 Bf5 6. 0-0 e6 7. d4 Be7 8. Nc3 0-0 9. Qb3 Qb6 10. c5 Qxb3 11. axb3 Nfd7 12. Nf3 e5 13. Be3 f6 14. Rfc1 Be6 15. b4 Na6 16. Ra4 Nc7 17. Rd1 h6 18. Nd2 a6 19. Nb3 g5 20. f3 Rab8 21. Raa1 Kh7 22. Kh1 Kg7 23. Kg1 Rh8 24. Rac1 Rhf8 25. Rf1 Rf7 26. f4 exf4 27. gxf4 f5 28. Nd2 g4 29. Bf2 Bf6 30. e3 Nf8 31. Ne2 Kh7 32. Ng3 Bh4 33. Rfe1 Ng6 34. Bf1 Re8 35. Bd3 Bxg3 36. hxg3 Bc8 37. Kg2 Kg7 38. Rh1 Nh8 39. Kf1 Re6 40. Ke2 Ne8 41. Rh5 Ref6 42. Rch1 Rf8 43. Nb3 Ng6 44. Bc2 Rh8 45. Nc1 Rff8 46. Nd3 Nf6 47. R5h2 Ne4 1/2-1/2

[Event "SUI-chT"]
[Site "Switzerland"]
[Date "1993.??.??"]
[Round "?"]
[White "Hirzel, Rene"]
[Black "Hug, Werner"]
[Result "0-1"]
[WhiteElo "2215"]
[BlackElo "2430"]
[PlyCount "60"]
[EventDate "1993.??.??"]
[EventType "team-tourn"]
[EventRounds "9"]
[EventCountry "SUI"]
[SourceTitle "TD"]
[Source "ChessBase"]
[SourceDate "1994.03.01"]
[SourceVersion "1"]
[SourceVersionDate "1994.03.01"]
[SourceQuality "1"]

1. c4 g6 2. Nc3 Bg7 3. d4 d6 4. e4 Nf6 5. f3 a6 6. Be3 c6 7. c5 0-0 8. cxd6 exd6 9. Bd3 Re8 10. Qd2 Nbd7 11. Nge2 c5 12. 0-0 b5 13. b3 Bb7 14. a4 b4 15. Nd1 d5 16. e5 cxd4 17. Bf2 Nxe5 18. Nxd4 Nxd3 19. Qxd3 a5 20. Rc1 Ba6 21. Nb5 Qd7 22. Ne3 d4 23. Nc2 Nd5 24. Rfe1 Bxb5 25. axb5 Nf4 26. Qd2 Ne6 27. Rcd1 Qxb5 28. Nxd4 Nxd4 29. Bxd4 Rad8 30. Rxe8+ Qxe8 0-1

[Event "SUI-chT"]
[Site "Switzerland"]
[Date "1993.??.??"]
[Round "?"]
[White "Milosevic, Goran"]
[Black "Hirzel, Rene"]
[Result "1-0"]
[WhiteElo "2410"]
[BlackElo "2215"]
[PlyCount "49"]
[EventDate "1993.??.??"]
[EventType "team-tourn"]
[EventRounds "9"]
[EventCountry "SUI"]
[SourceTitle "TD"]
[Source "ChessBase"]
[SourceDate "1994.03.01"]
[SourceVersion "1"]
[SourceVersionDate "1994.03.01"]
[SourceQuality "1"]

1. e4 c5 2. Nf3 e6 3. d4 cxd4 4. Nxd4 a6 5. Nc3 Nc6 6. g3 Nge7 7. Nb3 d6 8. Bg2 Bd7 9. a4 Nc8 10. 0-0 Be7 11. f4 Bf6 12. g4 h6 13. Be3 Na5 14. Qd3 Nxb3 15. cxb3 Bc6 16. Rad1 Qc7 17. Rd2 0-0 18. Qe2 Qa5 19. Rc2 Qb4 20. Qf2 Ne7 21. e5 dxe5 22. g5 exf4 23. Bc5 Bd4 24. Bxb4 Bxf2+ 25. Rcxf2 1-0

[Event "Zuerich op-A 15th"]
[Site "Zuerich"]
[Date "1991.??.??"]
[Round "6"]
[White "Hirzel, Rene"]
[Black "Lang, J."]
[Result "1-0"]
[WhiteElo "2210"]
[BlackElo "2315"]
[PlyCount "57"]
[EventDate "1991.12.26"]
[EventType "swiss"]
[EventRounds "7"]
[EventCountry "SUI"]
[SourceTitle "EXT 1997"]
[Source "ChessBase"]
[SourceDate "1996.11.15"]
[SourceVersion "1"]
[SourceVersionDate "1996.11.15"]
[SourceQuality "1"]

1. c4 e6 2. g3 Nf6 3. Bg2 d5 4. Nf3 Be7 5. 0-0 0-0 6. b3 c5 7. Bb2 Nc6 8. d3 Qc7 9. Nc3 d4 10. Nb5 Qd7 11. e4 dxe3 12. fxe3 a6 13. Na3 Rd8 14. d4 Qc7 15. Nc2 cxd4 16. exd4 e5 17. d5 Bc5+ 18. Kh1 Bg4 19. Qe1 Nd4 20. Nfxd4 exd4 21. Qd2 Re8 22. Rae1 Nh5 23. Bxd4 Bd6 24. Qg5 Be2 25. Rxe2 Rxe2 26. Qxh5 Rxc2 27. Be4 g6 28. Qf3 f5 29. Bxc2 1-0

[Event "Chiasso op"]
[Site "Chiasso"]
[Date "1991.??.??"]
[Round "?"]
[White "Hirzel, Rene"]
[Black "Valenti, Giuseppe"]
[Result "0-1"]
[WhiteElo "2210"]
[BlackElo "2240"]
[PlyCount "54"]
[EventDate "1991.??.??"]
[EventType "swiss"]
[EventRounds "9"]
[EventCountry "SUI"]
[SourceTitle "EXT 1997"]
[Source "ChessBase"]
[SourceDate "1996.11.15"]
[SourceVersion "1"]
[SourceVersionDate "1996.11.15"]
[SourceQuality "1"]

1. c4 Nf6 2. Nc3 d6 3. g3 e5 4. Bg2 g6 5. Nf3 Bg7 6. 0-0 0-0 7. d4 Nbd7 8. b3 Re8 9. Bb2 h6 10. e3 exd4 11. Nxd4 Nc5 12. Qc2 Qe7 13. Rac1 Bd7 14. Rfe1 Nce4 15. Nd5 Nxd5 16. cxd5 Rac8 17. f3 Nf6 18. Qc4 c5 19. dxc6 bxc6 20. e4 d5 21. exd5 Qxe1+ 22. Rxe1 Rxe1+ 23. Kf2 Rb1 24. Qc2 Rxb2 25. Qxb2 c5 26. Ke1 Nxd5 27. f4 Bxd4 0-1